Catálogo - Centro de Recursos para el Aprendizaje y la Investigación

Volver al Sitio - CRAI Biblioteca

Progressive problems in physics / (Registro nro. 114369)

Detalles MARC
000 -CABECERA
campo de control de longitud fija 00805cam a22002291i 4500
001 - NÚMERO DE CONTROL
campo de control 114369
003 - IDENTIFICADOR DEL NÚMERO DE CONTROL
campo de control DR-UNIBE
005 - FECHA Y HORA DE LA ÚLTIMA TRANSACCIÓN
campo de control 20260309095753.0
008 - DATOS DE LONGITUD FIJA--INFORMACIÓN GENERAL
campo de control de longitud fija 770823s1949 maua 000 0 eng
035 ## - NÚMERO DE CONTROL DEL SISTEMA
Número de control de sistema (OCoLC)3212768
040 ## - FUENTE DE LA CATALOGACIÓN
Centro catalogador/agencia de origen DLC
Centro/agencia transcriptor DNIE
Centro/agencia modificador DLC
Lengua de catalogación spa
Normas de descripción rda
041 ## - CÓDIGO DE LENGUA
Código de lengua del texto/banda sonora o título independiente eng
082 ## - NÚMERO DE LA CLASIFICACIÓN DECIMAL DEWEY
Número de clasificación 530 M647p 1949
100 1# - ENTRADA PRINCIPAL--NOMBRE DE PERSONA
Nombre de persona Miller, Fred Robinson,
Fechas asociadas al nombre 1872-
9 (RLIN) 202041
Término indicativo de función/relación autor
245 10 - MENCIÓN DE TÍTULO
Título Progressive problems in physics /
Mención de responsabilidad, etc. Fred R. Miller.
250 ## - MENCIÓN DE EDICIÓN
Mención de edición Sexta edición
260 ## - PUBLICACIÓN, DISTRIBUCIÓN, ETC.
Lugar de publicación, distribución, etc. Boston :
Nombre del editor, distribuidor, etc. D. C. Heath,
Fecha de publicación, distribución, etc. 1949
300 ## - DESCRIPCIÓN FÍSICA
Extensión vii, 237 páginas :
Otras características físicas ilustraciones
500 ## - NOTA GENERAL
Nota general "Examination papers, College Entrance Examination Board": p. 175-205. "Regents' examinations, the University of the State of New York": p. 206-228.
650 #7 - PUNTO DE ACCESO ADICIONAL DE MATERIA--TÉRMINO DE MATERIA
Término de materia o nombre geográfico como elemento de entrada Física
Subdivisión general Problemas, ejercicios, etc.
9 (RLIN) 2592
942 ## - ELEMENTOS DE PUNTO DE ACCESO ADICIONAL (KOHA)
Fuente del sistema de clasificación o colocación Sistema de Clasificación Decimal Dewey
Tipo de ítem Koha Libro (general)
Existencias
Estado de retiro Estado de pérdida Fuente del sistema de clasificación o colocación No para préstamo Código de colección Localización permanente Ubicación/localización actual Fecha de adquisición Total de préstamos Signatura topográfica completa Código de barras Fecha visto por última vez Número de copia Precio válido a partir de Tipo de ítem Koha
  Disponible Sistema de Clasificación Decimal Dewey   General Biblioteca Central UNIBE Biblioteca Central UNIBE 01/01/2026   530 M647p 1949 251177 09/03/2026 Ej. 1 09/03/2026 Libro (general)